000 00580nam a2200205 4500
999 _c13697
_d13697
003 MIRAKIL
005 20211214000617.0
008 200110b tu ||||| |||| 00| 0 tur d
020 _a9789751035028
040 _aTR-AnCHP
_cTR-AnCHP
041 _atur
082 _a320.956
_bB84o 2014
100 1 _aBulaç, Ali
245 1 0 _aOrtadoğu'dan ittihad-ı İslâm'a /
_cAli Bulaç.
260 _aİstanbul :
_bİnkılap,
_c2014.
300 _ac<1> 800 s.:
_c21 sm.
650 0 _aSiyaset ve yönetim
_xTürkiye
_99
650 0 _95876
_aSiyaset ve din
_xOrtadoğu
942 _2ddc
_cBKS